History Quiz

Random History or Politics Quiz

Countries by 1980 Leaders Quiz Stats

 Plays Quiz Updated Aug 5, 2017

Challenge
Share
Tweet
Embed
Score 0/54 Timer 08:00
6 Plays Today
Leader Country % Correct
Saddam HusseinIraq
97.5%
Kim Il-sungNorth Korea
93.8%
Fidel CastroCuba
90.2%
Margaret ThatcherUnited Kingdom
89.3%
Leonid BrezhnevSoviet Union
84.6%
Jimmy CarterUnited States of America
82.9%
Anwar El SadatEgypt
77.7%
Deng XiaopingChina
76.3%
Helmut SchmidtWest Germany
69.4%
Ruhollah KhomeiniIran
68.5%
Muammar al-GaddafiLibya
67.2%
Augusto PinochetChile
64.2%
Chaudhary Charan SinghIndia
63.1%
Konstantinos KaramanlisGreece
57.2%
Nicolae CeaușescuRomania
55.8%
Joe ClarkCanada
51.7%
Pieter Willem BothaSouth Africa
51.1%
Jean-Claude DuvalierHaiti
50.6%
Ferdinand MarcosPhilippines
49%
Josip TitoYugoslavia
48%
Menachem BeginIsrael
47.4%
Masayoshi OhiraJapan
47.4%
Valery Giscard d'EstaingFrance
47.2%
Malcolm FraserAustralia
46.1%
Erich HoneckerEast Germany
43.6%
Hafez al-AssadSyria
43.4%
SuhartoIndonesia
42%
Leader Country % Correct
Haile Mengistu MariamEthiopia
38.4%
Joao FigueiredoBrazil
32.8%
Le DuanVietnam
29.6%
Khalid bin Abdul AzizSaudi Arabia
26.8%
Muhammad Zia-ul-HaqPakistan
24.8%
Jorge VidelaArgentina
24.6%
Jose Lopez PortilloMexico
24.4%
Suleyman DemirelTurkey
23.9%
Todor ZhivkovBulgaria
22.9%
Hassan II.Morocco
22.9%
Adolfo SuarezSpain
22.3%
Enver HoxhaAlbania
21%
Joseph MobutuZaire
18.9%
Hussein bin TalalJordan
18.5%
Francesco CossigaItaly
18.1%
Janos KadarHungary
16.1%
Lee Kuan YewSingapore
16.1%
Ne WinBurma
15.3%
Alfredo StroessnerParaguay
14%
Julius NyerereTanzania
12.7%
Bruno KreiskyAustria
10.8%
Habib BourguibaTunisia
9.8%
Jose Eduardo dos SantosAngola
8.1%
Omar TorrijosPanama
7.3%
Siad BarreSomalia
6.7%
Babrak KarmalAfghanistan
6.5%
Sekou ToureGuinea
5.3%

You're not logged in!

Compare scores with friends on all Sporcle quizzes.
OR
Log In

You Might Also Like...

Show Comments

Extras

Top Quizzes Today


Score Distribution

Your Account Isn't Verified!

In order to create a playlist on Sporcle, you need to verify the email address you used during registration. Go to your Sporcle Settings to finish the process.

Report this User

Report this user for behavior that violates our Community Guidelines.

Details: